000 00655nam a2200265Ia 4500
003 OSt
005 20220912152015.0
006 a|||||r|||| 00| 0
007 ta
008 220909b |||||||| |||| 00| 0 eng d
024 _a62120
037 _cTextual
040 _aCSL
_beng
_cCSL
041 _aeng
082 _aG11, M7;2 TG
100 _aSheeler Phillip
245 0 _aCell and molecular biology
250 _a3
260 _c1987
300 _ap.
_ccm.
650 _aMolecular biology
700 _a Blanchi Donald E
942 _hG11, M7;2 TG
_cTEXL
_2CC
999 _c79066
_d79066